[Event "Memorial Tal"]
[Site "Mosca"]
[Date "25.11.2011"]
[Round "9"]
[White "Nakamura, Hi"]
[Black "Carlsen, M."]
[Result "0-1"]
[WhiteElo "2758"]
[BlackElo "2826"]
[PlyCount "116"]
[EventDate "2011.11.16"]

1. d4 Nf6 2. c4 e6 3. Nf3 b6 4. g3 Ba6 5. Qc2 Bb4+ 6. Bd2 Be7 7. Bg2 c6 8. O-O
d5 9. Ne5 Nfd7 10. cxd5 cxd5 11. Bf4 Nxe5 12. dxe5 O-O 13. Rd1 Bb7 14. Nd2 Nc6
15. Nf3 g5 16. Be3 g4 17. Nd4 Nxe5 18. Bh6 Re8 19. e4 Bc5 20. Nb3 Rc8 21. Nxc5
Rxc5 22. Qa4 Bc6 23. Qd4 Qf6 24. Bf4 dxe4 25. Bxe4 Nf3+ 26. Bxf3 Qxd4 27. Rxd4
Bxf3 28. Rd7 Rd5 29. Rxd5 exd5 30. Be3 Re4 31. Re1 d4 32. Bd2 Rxe1+ 33. Bxe1
Be2 34. f4 gxf3 35. Bf2 d3 36. Be1 Kg7 37. Kf2 Kf6 38. Ke3 Kf5 39. h3 h5 40.
Bd2 Bf1 41. Be1 Bxh3 42. Kxd3 Bf1+ 43. Ke3 Kg4 44. Kf2 Bb5 45. Bc3 Bc6 46. Be5
b5 47. Bb8 a6 48. Bc7 f5 49. b3 Bd5 50. Bd6 f4 51. gxf4 h4 52. f5 Kxf5 53. Ke3
Kg4 54. Kf2 h3 55. Ke3 Be4 56. Kf2 Bb1 57. a3 Ba2 58. b4 Bf7 0-1

[Event "Memorial Tal"]
[Site "Mosca"]
[Date "25.11.2011"]
[Round "9"]
[White "Svidler, P."]
[Black "Kramnik, V."]
[Result "1-0"]
[WhiteElo "2755"]
[BlackElo "2800"]
[PlyCount "81"]
[EventDate "2011.11.16"]

1. Nf3 d5 2. c4 e6 3. g3 dxc4 4. Qa4+ Nd7 5. Bg2 a6 6. Qxc4 b5 7. Qb3 Bb7 8.
O-O Ngf6 9. Nc3 Be7 10. d3 O-O 11. a4 b4 12. Nb1 Nc5 13. Qc2 e5 14. Be3 e4 15.
Bxc5 Bxc5 16. dxe4 Nxe4 17. Nfd2 Bxf2+ 18. Rxf2 Nxf2 19. Bxb7 Ng4 20. Nf3 Rb8
21. Bxa6 Qf6 22. Bd3 Qb6+ 23. Kh1 Nf2+ 24. Kg2 Nxd3 25. exd3 Rfe8 26. a5 Qf6
27. Qf2 Rbd8 28. Ra4 c5 29. a6 Rxd3 30. a7 Qc6 31. Ra5 Qa8 32. Nbd2 Rde3 33.
Nc4 R3e6 34. Kg1 f6 35. Ncd2 c4 36. Nxc4 Qe4 37. Nd4 R6e7 38. Nd6 Qb1+ 39. Kg2
Ra8 40. Qf3 Raxa7 41. Qa8+ 1-0